Geografía de américa; argentina-antártida /
Guardado en:
| Autor Principal: | |
|---|---|
| Formato: | Libro |
| Publicado: |
Buenos Aires :
Estrada,
1979
|
| Materias: | |
| Etiquetas: |
Agregar Etiqueta
Sin Etiquetas, Sea el primero en etiquetar este registro!
|
| LEADER | 00570nam a22001935a 4500 | ||
|---|---|---|---|
| 001 | CEM.cems001969 | ||
| 005 | 20060215000000.0 | ||
| 008 | 130507s1979##################000#0#####d | ||
| 003 | CEMS | ||
| 082 | 0 | 4 | |a 918 |
| 100 | 1 | |a Daus, Federico A. | |
| 245 | 1 | 0 | |a Geografía de américa; argentina-antártida / |c Federico A. Daus |
| 260 | |a Buenos Aires : |b Estrada, |c 1979 | ||
| 300 | |a 203 p. | ||
| 653 | |a Geografia | ||
| 653 | |a Geografia antartida | ||
| 653 | |a Geografia argentina | ||
| 653 | |a Geografia de america | ||
| 859 | |a CEMS |b BIB. CEMS - 11 de abril |h 918 |i D268-1a10 |p 14282.86 |t Ej.1 | ||
